|
|
|
|
| LEADER |
00930nam a22002417a 4500 |
| 001 |
28489 |
| 003 |
BD-DhAAL |
| 005 |
20141020142345.0 |
| 008 |
141020s2014 enkb|||| |||| 001 0 eng d |
| 020 |
|
|
|a 97801944221645
|
| 040 |
|
|
|a BD-DhAAL
|c BD-DhAAL
|
| 082 |
|
|
|2 22
|a 421.5
|
| 100 |
|
|
|a Jenkins, Jennifer
|9 5756
|
| 245 |
|
|
|a The phonology of English as an international language :
|b new models, new norms, new goals /
|c Jennifer Jenkins
|
| 260 |
|
|
|a Oxford :
|b Oxford University Press,
|c 2014
|
| 300 |
|
|
|a vi, 258 p. ;
|c 24 cm.
|
| 504 |
|
|
|a Includes bibliographical references (p.[237]-250) and index
|
| 541 |
|
|
|e 28489
|
| 650 |
|
|
|a English language
|x Phonology.
|9 5757
|
| 852 |
|
|
|a Ayesha Abed Library
|
| 942 |
|
|
|2 ddc
|c BK
|
| 999 |
|
|
|c 32951
|d 32951
|
| 952 |
|
|
|0 0
|1 0
|2 ddc
|4 0
|6 421_500000000000000_JEN
|7 0
|9 43878
|a BRACUL
|b BRACUL
|c GEN
|d 2014-10-20
|e Riza Enterprize
|g 1190.00
|l 1
|o 421.5 JEN
|p 3010028489
|r 2014-11-08
|s 2014-10-20
|t 1
|w 2014-10-20
|y BK
|